000 00564nam a2200217Ia 4500
003 OSt
005 20230324160743.0
008 210423s2006 xx 000 0 und d
020 _a8121902819
040 _cAL
041 _aeng
082 _a658.4034
_223
_bGUPP
100 _aGUPTA (Prem Kumar).
_977648
245 _aOperations research.
250 _a4
260 _aNew Delhi
_bResearch and Education Association
_c2006
300 _axv,1055,6
_bPB
365 _b240
_cINR
906 _aOperation ; Operations ; research ; research.
942 _2ddc
_cBK
999 _c155892
_d155892